Potential theory and dynamics on the Berkovich projective line
Gespeichert in:
| Hauptverfasser: | , |
|---|---|
| Format: | Buch |
| Sprache: | Englisch |
| Veröffentlicht: |
Providence
American Mathematical Society
2010
|
| Schriftenreihe: | Mathematical Surveys and Monographs, 159
|
| Schlagworte: | |
| Tags: |
Tag hinzufügen
Keine Tags, Fügen Sie den ersten Tag hinzu!
|
MARC
| LEADER | 00000cam a2200000 a 4500 | ||
|---|---|---|---|
| 001 | UCF8245 | ||
| 003 | CL-VaPUC | ||
| 008 | 130808e20100000us |||||||||||||||||eng|d | ||
| 020 | |a 9780821849248 | ||
| 082 | 0 | 4 | |a 515.9 |b BAK |2 21 |
| 100 | 0 | |a Baker, Matthew |e author |9 570343 | |
| 700 | 0 | |a Rumely, Robert S |e author |9 570344 | |
| 245 | 1 | 0 | |a Potential theory and dynamics on the Berkovich projective line |
| 300 | |a 428 p | ||
| 942 | |c BK | ||
| 945 | |d 20130808 11:32:00 |a cmena | ||
| 260 | |a Providence |b American Mathematical Society |c 2010 | ||
| 650 | 7 | |a TEORIA POTENCIAL |2 CL-VaPUC |9 424819 | |
| 650 | 0 | |a Funciones de variables complejas |9 260212 | |
| 650 | 0 | |a Espacios topológicos |9 360015 | |
| 650 | 7 | |a DINAMICA TOPOLOGICA |2 CL-VaPUC |9 270550 | |
| 583 | |a last modification |c 20130808 11:32:00 |k Rodrigo Vera | ||
| 490 | 0 | |a Mathematical Surveys and Monographs, 159 | |
| 999 | |c 352867 |d 352865 | ||
| 952 | |0 0 |1 0 |4 0 |6 515_900000000000000_BAK_2010 |7 0 |8 A |9 457601 |a BIBMAT |b BIBMAT |d 2019-11-22 |i 4992776 |o 515.9 BAK 2010 |p 4992776 |r 2025-01-07 |w 2019-11-22 |y BK |k MAT | ||